000 00255nam a2200109Ia 4500
008 230907s9999||||xx |||||||||||||| ||und||
082 _a621.381
_bTOC
245 0 _aDigital systems /
260 _aPearson,
_bNoida :
_c2013
300 _a848 p.
942 _cBK
999 _c598873
_d598873